logo

Bir Sreshtho Munshi Abdur Rouf Library
Jhenaidah Cadet College

Toward our reformation : (Record no. 12781)

MARC details
000 -LEADER
fixed length control field 01569nam a2200337 a 4500
001 - CONTROL NUMBER
control field 12781
003 - CONTROL NUMBER IDENTIFIER
control field BD-JhCC
005 - DATE AND TIME OF LATEST TRANSACTION
control field 20230512194925.0
008 - FIXED-LENGTH DATA ELEMENTS--GENERAL INFORMATION
fixed length control field 230512s2011 enk b 001 0 eng d
020 ## - INTERNATIONAL STANDARD BOOK NUMBER
International Standard Book Number 9781565643710
035 ## - SYSTEM CONTROL NUMBER
System control number (BD-JhCC)12781
038 ## - RECORD CONTENT LICENSOR
Record content licensor OCoLC
040 ## - CATALOGING SOURCE
Original cataloging agency NLE
Transcribing agency NLE
Modifying agency GHS
-- UkOxU
-- BD-JhCC
049 ## - LOCAL HOLDINGS (OCLC)
Local processing data o
050 #4 - LIBRARY OF CONGRESS CALL NUMBER
Classification number KBP144
Item number .F368 2011
082 ## - DEWEY DECIMAL CLASSIFICATION NUMBER
Classification number 340.5909
Item number FAR 2011
090 ## - LOCALLY ASSIGNED LC-TYPE CALL NUMBER (OCLC); LOCAL CALL NUMBER (RLIN)
Classification number (OCLC) (R) ; Classification number, CALL (RLIN) (NR) SOA
Local cutter number (OCLC) ; Book number/undivided call number, CALL (RLIN) A345.6 /755568
100 1# - MAIN ENTRY--PERSONAL NAME
Personal name Farooq, Mohammad Omar.
245 10 - TITLE STATEMENT
Title Toward our reformation :
Remainder of title from legalism to value-oriented Islamic law and jurisprudence /
Statement of responsibility, etc. Mohammad Omar Farooq.
260 ## - PUBLICATION, DISTRIBUTION, ETC.
Place of publication, distribution, etc. London ;
-- Washington [D.C.] :
Name of publisher, distributor, etc. International Institute of Islamic Thought,
Date of publication, distribution, etc. c2011.
300 ## - PHYSICAL DESCRIPTION
Extent xxi, 323 p. ;
Dimensions 23 cm.
504 ## - BIBLIOGRAPHY, ETC. NOTE
Bibliography, etc. note Includes bibliographical references (p. 273-314) and index.
505 0# - FORMATTED CONTENTS NOTE
Formatted contents note Foreword / Mohammad Nejatullah Siddiqi -- Preface: The prophetic Sunnah: a methodological vision / Taha Jabir Alalwani -- Introduction -- Shariʻah, law and the Qurʾan: legalism vs. value-orientation -- Islamic law and the use and abuse of Hadith -- The doctrine of ijmaʻ: is there a consensus? -- Qiyās (analogical reasoning) and some problematic issues in Islamic law -- Islamic fiqh (law) and the neglected empirical foundation -- Conclusion: toward our reformation.
650 #0 - SUBJECT ADDED ENTRY--TOPICAL TERM
Topical term or geographic name entry element Islamic law
General subdivision Philosophy.
650 #0 - SUBJECT ADDED ENTRY--TOPICAL TERM
Topical term or geographic name entry element Islam
General subdivision Customs and practices.
650 #0 - SUBJECT ADDED ENTRY--TOPICAL TERM
Topical term or geographic name entry element Hadith.
650 #0 - SUBJECT ADDED ENTRY--TOPICAL TERM
Topical term or geographic name entry element Ijmāʻ (Islamic law)
650 #0 - SUBJECT ADDED ENTRY--TOPICAL TERM
Topical term or geographic name entry element Qiyās (Islamic law)
710 2# - ADDED ENTRY--CORPORATE NAME
Corporate name or jurisdiction name as entry element International Institute of Islamic Thought.
942 ## - ADDED ENTRY ELEMENTS (KOHA)
Source of classification or shelving scheme Dewey Decimal Classification
Koha item type Books
Holdings
Withdrawn status Lost status Source of classification or shelving scheme Damaged status Not for loan Home library Current library Shelving location Date acquired Cost, normal purchase price Total Checkouts Full call number Barcode Date last seen Copy number Price effective from Koha item type
    Dewey Decimal Classification     JCC Rouf Library JCC Rouf Library General Stacks 05/12/2023 450.00   340.5909 FAR 2011 16729 05/12/2023 C-1 05/12/2023 Books

JCC Library | Contacts | JCC Home

Last Update on 23 September 2017
Copyright @ 2017-2020 JCC Rouf Library
Rouf Library, Jhenidah Cadet College (JCC), Bangladesh